Hệ thống các bài tập về thuế : ( Cập nhật hóa chính sách thuế đến tháng 3/1997 )

Nội dung sách cung cấp hệ thống bài tập, kiến thức chung về thuế, bao gồm đại cương về thuế, hệ thống thuế Việt Nam và tổ chức hệ thống thu thuế Việt Nam.

Gardado en:
Detalles Bibliográficos
Autor Principal: Phan, Mỹ Hạnh
Formato: Libro
Idioma:Undetermined
Publicado: Thành phố Hồ Chí Minh Nhà xuất bản Thành phố Hồ Chí Minh 1996
Những chủ đề:
Các nhãn: Engadir etiqueta
Sen Etiquetas, Sexa o primeiro en etiquetar este rexistro!
Thư viện lưu trữ: Trung tâm Học liệu Trường Đại học Cần Thơ
LEADER 01005nam a2200229Ia 4500
001 CTU_27398
008 210402s9999 xx 000 0 und d
020 |c 20000 
082 |a 336.2 
082 |b H107 
100 |a Phan, Mỹ Hạnh 
245 0 |a Hệ thống các bài tập về thuế : 
245 0 |b ( Cập nhật hóa chính sách thuế đến tháng 3/1997 ) 
245 0 |c Phan Mỹ Hạnh 
260 |a Thành phố Hồ Chí Minh 
260 |b Nhà xuất bản Thành phố Hồ Chí Minh 
260 |c 1996 
520 |a Nội dung sách cung cấp hệ thống bài tập, kiến thức chung về thuế, bao gồm đại cương về thuế, hệ thống thuế Việt Nam và tổ chức hệ thống thu thuế Việt Nam. 
650 |a Finance, public,Taxation 
650 |z Vietnam 
904 |i Minh, 981219 (Nguyên sửa) 
980 |a Trung tâm Học liệu Trường Đại học Cần Thơ